|
|
|
|
| LEADER |
01618nam a22003972i 4500 |
| 001 |
001912274 |
| 003 |
CZ BrMZK |
| 005 |
20241017103108.0 |
| 007 |
ta |
| 008 |
241017s1986 xr a er|||||||||||cze d |
| 040 |
|
|
|a ABE400
|b cze
|d ABE310
|e rda
|
| 080 |
|
|
|a 73(437.3)"19"
|
| 080 |
|
|
|a 929 Kyselka, Václav
|
| 080 |
|
|
|a 061.4(437.31 Praha)"1986"
|
| 110 |
2 |
|
|a Galerie Nová síň (Praha, Česko)
|7 kn20031119009
|
| 245 |
1 |
0 |
|a Zasloužilý umělec Václav Kyselka :
|b výběr z díla : v Nové síni, Praha, od 27. února do 31. března 1986 /
|c úvodní text Jiří Karbaš
|
| 246 |
3 |
|
|a Václav Kyselka
|
| 264 |
|
1 |
|a Praha :
|b Svaz českých výtvarných umělců,
|c 1986
|
| 300 |
|
|
|a 12 nečíslovaných stran :
|b černobílé ilustrace
|
| 336 |
|
|
|a text
|b txt
|2 rdacontent
|
| 336 |
|
|
|a statický obraz
|b sti
|2 rdacontent
|
| 337 |
|
|
|a bez média
|b n
|2 rdamedia
|
| 338 |
|
|
|a svazek
|b nc
|2 rdacarrier
|
| 500 |
|
|
|a Životopisný přehled
|
| 500 |
|
|
|a Seznam vystavených děl
|
| 600 |
1 |
7 |
|a Kyselka, Václav,
|d 1921-2017
|7 jk01071295
|2 czenas
|
| 650 |
|
4 |
|a čeští sochaři
|
| 650 |
|
7 |
|a české sochařství
|7 ph128152
|y 50.-80. léta 20. století
|2 czenas
|
| 650 |
|
7 |
|a výstavy
|7 ph116705
|z Praha
|y 1986
|2 czenas
|
| 655 |
|
7 |
|a katalogy výstav
|7 fd132536
|2 czenas
|
| 700 |
1 |
|
|a Karbaš, Jiří,
|d 1947-
|7 jx20070425015
|4 wfw
|
| 710 |
2 |
|
|a Svaz československých výtvarných umělců.
|b Krajské středisko České Budějovice
|7 ko20010087692
|
| 910 |
|
|
|a BOA001
|b X-1533.209
|
| 990 |
|
|
|a BK
|
| 991 |
|
|
|b 202410
|
| 996 |
6 |
|
|b 2610981735
|c X-1533.209
|l MZK
|r Sklad / do 24 hodin
|n 0
|p dar
|w 001981204
|u 000010
|a 1
|e BOA001
|j MZK50
|s P
|